000 00834nam a2200265 i 4500
001 C2-0323460
003 PPAK
005 20180728122041.0
008 131027s2012 my |||| ||||| | may d
020 _a9789830687247
040 _aPPAK
_beng
_cPPAK
_erda
082 0 4 _a372.11
_223
090 0 0 _a372.11
_bSED
_dG
100 1 _aSedgwick, Fred,
_eauthor
245 1 0 _a101 senarai penting bagi guru sekolah rendah
_b: 101 Essential Lists for Primary Teachers
264 1 _aKuala Lumpur :
_bInstitut Terjemahan & Buku Malaysia Berhad ,
_c2012
300 _aviii, 119 pages ;
_c23 cm
336 _2rdacontent
_atext
337 _2rdamedia
_aunmediated
338 _2rdacarrier
_avolume
490 1 _aSiri panduan guru ITBM
650 1 0 _aPrimary school teachers - Malaysia
830 0 _aSiri panduan guru ITBM
942 _ddc
_cB
999 _c123541
_d123541